00699nam a2200193 a 450000100060000000300090000600500170001500800410003202000180007304000280009104100080011908200160012724500990014326001370024230000340037950400400041365000180045370000340047125123CO-ViMGA20230915232043.0141112s2004 ck r 000 u spa d a9788498350104 aCO-ViMGAbspacCO-ViMGA aspa04a615.1 M33a10aMediPharm : btratado de medicina farmacéutica / cGonzalo Hernández Herrero ... [et al.]. aMadrid : bEditorial Médica PanAméricana : bFUINSA, cFundación para la Investigación en Salud : Fundación ESAME, c2010. axxxii, 831 p. : il. ; 29 cm. aIncluye bilbiografías e índice.14aMedicamentos.1 aHernández Herrero, Gonzalo.